Herby powiatów województwa wielkopolskiego - Statystyki

Ogólne statystyki
  • Ten quiz został rozwiązany 26 razy
  • Średni wynik to 10 z 16
Statystyki odpowiedzi
Obrazkowy Odpowiedź % Poprawnych
Poznański/poznański/powiat Poznański/powiat poznański
90%
kaliski/Kaliski/powiat kaliski/powiat Kaliski
75%
Krotoszyński/krotoszyński/powiat krotoszyński/powiat Krotoszyński
75%
Ostrowski/ostrowski/powiat ostrowski/powiat Ostrowski
75%
Gnieźnieński/gnieźnieński/
70%
pilski/Pilski/powiat pilski/powiat Pilski
70%
Śremski/śremski
70%
Wrzesiński/wrzesiński/Wrzesinski/wrzesinski/powiat Wrzesiński/powiat wrzesinski
70%
Leszczyński/leszczyński/powiat Leszczyński/powiat leszczyński
65%
nowotomyski/Nowotomyski/powiat nowotomyski/powiat Nowotomyski
65%
wolsztyński/Wolsztyński/powiat wolsztyński/powiat Wolsztyński
65%
grodziski/Grodziski/powiat grodziski/powiat Grodziski
60%
Turecki/turecki/powiat turecki/powiat Turecki
60%
średzki/Średzki/powiat średzki/powiat Średzki
55%
szamotulski/Szamotulski/powiat szamotulski/powiat Szamotulski
40%
słupski/Słupski/powiat słupski/powiat Słupski
15%
Nie znaleziono quizów pasujących do podanych kryteriów
Rozkład punktacji
Procent ludzi z każdym wynikiem
Percentyl według liczby udzielonych odpowiedzi
Twoja historia wyników
Nie rozwiązałeś tego quizu